| 000 | 01278cam a22003737a 4500 | ||
|---|---|---|---|
| 003 | CHAP | ||
| 005 | 20220329142611.0 | ||
| 008 | 020326d2000 uk a r 00110 eng d | ||
| 010 | _a85522 | ||
| 011 | _a86494 | ||
| 020 | _a0 85199 422 9 | ||
| 035 | _a97032 | ||
| 040 | _cCHAP | ||
| 082 | 0 | 4 |
_a632.96 _bN3 |
| 100 | 0 | 0 |
_aNavon, Amos _eed. _980618 |
| 245 | 1 | 0 |
_aBioassays of entomopathogenic microbes and nematodes _c/ed by Amos Navon & K.R.S. Ascher |
| 260 |
_aOxon, U.K. : _bCAB International, _c2000. |
||
| 300 |
_a324 p. : _bilus. ; gráfs. |
||
| 590 |
_aBATCH-UPD _b10 _c20130110 _lUCH01 _h0443 |
||
| 590 |
_aBATCH-UPD _b10 _c20130110 _lUCH01 _h2325 |
||
| 590 |
_aBATCH-UPD _b10 _c20130410 _lUCH01 _h0120 |
||
| 590 |
_aBATCH-UPD _b10 _c20130410 _lUCH01 _h1615 |
||
| 590 |
_aBATCH-UPD _b10 _c20130914 _lUCH01 _h0416 |
||
| 590 |
_aBATCH-UPD _b10 _c20130914 _lUCH01 _h2127 |
||
| 590 |
_aCONVERSION _b10 _c20130109 _lUCH01 _h1347 |
||
| 650 | 1 | 4 |
_aMicroorganismos patógenos. _975528 |
| 650 | 1 | 4 |
_aNemátodos. _980819 |
| 650 | 1 | 4 |
_aOrganismos fitopatógenos _xControl biológico. _983519 |
| 700 | 0 |
_aAscher, K.R.S. _97872 |
|
| 901 | _aBK | ||
| 905 | _aMayto Villalobos S. | ||
| 942 | _cLIBRO | ||
| 949 |
_a632.96 N3 _bBC _cLIBRO _d33724000865978 _eLIBRO _gI.212365 _h102272 _i97032 _si _t$1.140 |
||
| 999 |
_c85522 _d85522 |
||